al-Madrasah al-ʻArabīyah fī al-taṣwīr al-Islāmī /

محفوظ في:

المؤلف الرئيسي: Salmān, ʻĪsá (مؤلف)

مؤلفون آخرون: Rāwī, Nūrī.

التنسيق: كتاب

اللغة: Arabic
English

منشور في: Baghdād : Wizārat al-Iʻlām, al-Lajnah al-Taḥḍīrīyah li-Mihrajān al-Wāsiṭī, 1972.

سلاسل: Silsilah al-fannīyah al-khāṣṣah allatī ṣadarat bi-munāsabat Mihrajān al-Wāsiṭī ; 6.

الموضوعات:

الوسوم: إضافة وسم

لا توجد وسوم, كن أول من يضع وسما على هذه التسجيلة!

رقم الطلب: ND3238 .S24 1972

LEADER 01857nam a2200337Ia 4500
003 OSt
005 20230817084547.0
008 130303s1972 iq h 000 0bara d
952 |0 0  |1 0  |2 lcc  |4 0  |6 ND3238 S24 01972  |7 1  |9 49612  |a ARCE  |b ARCE  |d 2023-08-17  |l 0  |o ND3238 .S24 1972  |p 1017729  |r 2023-08-17 00:00:00  |w 2023-08-17  |y BK 
999 |c 27653  |d 27653 
010 |a 74219283 
040 |c ARCE Library 
041 0 |a ara  |a eng 
043 |a a-iq--- 
050 4 |a ND3238 .S24 1972 
100 1 |6 880-01  |a Salmān, ʻĪsá,  |e author 
245 1 3 |6 880-02  |a al-Madrasah al-ʻArabīyah fī al-taṣwīr al-Islāmī /   |c [taʼlīf] ʻIsá al-Salmān. Malāmiḥ madrasat Baghdād li-taṣwīr al-kitāb [taʼlīf] Nūrī al-Rāwī. 
264 1 |a Baghdād :  |b Wizārat al-Iʻlām, al-Lajnah al-Taḥḍīrīyah li-Mihrajān al-Wāsiṭī,  |c 1972. 
300 |a 18, 15 pages :  |b color facsimiles ;  |c 24 cm. 
490 1 |a Silsilah al-fannīyah al-khāṣṣah allatī ṣadarat bi-munāsabat Mihrajān al-Wāsiṭī ;   |v 6. 
500 |a Cover title. 
546 |a Includes English translations of the two papers. 
650 0 |a Illumination of books and manuscripts, Arab. 
650 0 |a Islamic illumination of books and manuscripts  |z Iraq. 
700 1 2 |a Rāwī, Nūrī.  |t Malāmiḥ madrasat Baghdād li-taṣwīr al-kitāb. 
740 0 |a Malāmiḥ madrasat Baghdād li-taṣwīr al-kitāb. 
830 0 |a Silsilah al-fannīyah al-khāṣṣah allatī ṣadarat bi-munāsabat Mihrajān al-Wāsiṭī ;   |v 6. 
880 1 |6 100-01/(3/r  |a سلمان، عيسي 
880 1 2 |6 245-02/(3/r  |a المدرسة العربية في التصوير الإسلامي   |c [تأليف] عيسي السلمان. ملامح مدرسة بغداد لتصوير الكتاب [تأليف] نوري الراوي.‪‪‪‪‪‪‪‪‪‪‪‪‪‪‪‪‪‪‪ 
901 |a reviewed 
942 |c BK  |2 lcc